<?xml version="1.0" encoding="UTF-8"?><?xml-stylesheet type="text/xsl" href="static/style.xsl"?><OAI-PMH xmlns="http://www.openarchives.org/OAI/2.0/" xmlns:xsi="http://www.w3.org/2001/XMLSchema-instance" xsi:schemaLocation="http://www.openarchives.org/OAI/2.0/ http://www.openarchives.org/OAI/2.0/OAI-PMH.xsd"><responseDate>2026-06-07T06:24:31Z</responseDate><request verb="GetRecord" identifier="oai:riuma.uma.es:10630/40925" metadataPrefix="marc">https://riuma.uma.es/rest/oai/request</request><GetRecord><record><header><identifier>oai:riuma.uma.es:10630/40925</identifier><datestamp>2026-02-03T10:53:18Z</datestamp><setSpec>com_10630_2254</setSpec><setSpec>col_10630_37953</setSpec></header><metadata><record xmlns="http://www.loc.gov/MARC21/slim" xmlns:dcterms="http://purl.org/dc/terms/" xmlns:doc="http://www.lyncode.com/xoai" xmlns:xsi="http://www.w3.org/2001/XMLSchema-instance" xsi:schemaLocation="http://www.loc.gov/MARC21/slim http://www.loc.gov/standards/marcxml/schema/MARC21slim.xsd">
   <leader>00925njm 22002777a 4500</leader>
   <datafield ind2=" " ind1=" " tag="042">
      <subfield code="a">dc</subfield>
   </datafield>
   <datafield ind2=" " ind1=" " tag="720">
      <subfield code="a">Bentabol-Manzanares, María José</subfield>
      <subfield code="e">author</subfield>
   </datafield>
   <datafield ind2=" " ind1=" " tag="720">
      <subfield code="a">Pérez del Valle, Carlos</subfield>
      <subfield code="e">author</subfield>
   </datafield>
   <datafield ind2=" " ind1=" " tag="720">
      <subfield code="a">Hernández Laguna, Alfonso</subfield>
      <subfield code="e">author</subfield>
   </datafield>
   <datafield ind2=" " ind1=" " tag="720">
      <subfield code="a">Huertas, F. Javier</subfield>
      <subfield code="e">author</subfield>
   </datafield>
   <datafield ind2=" " ind1=" " tag="260">
      <subfield code="c">2025-11-24</subfield>
   </datafield>
   <datafield ind2=" " ind1=" " tag="520">
      <subfield code="a">Understanding the mechanisms of mineral dissolution at the atomic scale is crucial for interpreting geochemical processes in soils and sediments, particularly those involving clay minerals. This study addresses the dissolution of pyrophyllite, a model dioctahedral phyllosilicate, under acidic conditions by employing Density Functional Theory (DFT) to simulate protolysis reactions at four distinct edge surfaces ({100}, {010}, {110}, and {130}). Molecular cluster models were constructed for each edge, and the interactions of protons and hydronium ions with various oxygen sites were systematically analyzed. The results demonstrate that bridge oxygens, especially those coordinated to one silicon and two aluminum atoms, are the most reactive sites, undergoing significant bond breaking and structural distortion upon protonation, while hydroxyl groups mainly accommodate structural changes without initiating dissolution. The {110} edge was found to be the least reactive, whereas the {100}, {010}, and {130} edges exhibited the highest reactivity. Hydronium ions produced similar or greater structural changes compared to protons, with water molecules forming hydrogen bonds with the resulting structures. These findings confirm that protonation of bridge oxygens is the rate-limiting step in phyllosilicate dissolution, and that octahedral cations are released preferentially over tetrahedral ones. These findings are consistent with the conclusions drawn from the dissolution experiments. This study provides atomistic information on the dissolution mechanisms of clay minerals at a scale that exceeds the capabilities of dissolution experiments, emphasizing the importance of edge reactivity relative to extensive basal surfaces and the role of water in proton transfer and facilitating protolysis reactions.</subfield>
   </datafield>
   <datafield ind1="8" ind2=" " tag="024">
      <subfield code="a">Bentabol, M., Pérez del Valle, C., Hernández-Laguna, A., &amp; Huertas, F. J. (2025). Protolysis Reaction on Pyrophyllite Surface Molecular Models: A DFT Study. Molecules, 30(23), 4530. https://doi.org/10.3390/molecules30234530</subfield>
   </datafield>
   <datafield ind1="8" ind2=" " tag="024">
      <subfield code="a">https://hdl.handle.net/10630/40925</subfield>
   </datafield>
   <datafield ind1="8" ind2=" " tag="024">
      <subfield code="a">10.3390/molecules30234530</subfield>
   </datafield>
   <datafield tag="653" ind2=" " ind1=" ">
      <subfield code="a">Pirofilita - Aspectos moleculares</subfield>
   </datafield>
   <datafield tag="653" ind2=" " ind1=" ">
      <subfield code="a">Química organometálica</subfield>
   </datafield>
   <datafield ind2="0" ind1="0" tag="245">
      <subfield code="a">Protolysis Reaction on Pyrophyllite Surface Molecular Models: A DFT Study</subfield>
   </datafield>
</record>
</metadata></record></GetRecord></OAI-PMH>